[Event "IND-ch (Women) 48th"]
[Site "Hatkanangale"]
[Date "2022.12.29"]
[Round "4"]
[White "Swaha, VS."]
[Black "Adiba, Ullah"]
[Result "1-0"]
[WhiteElo "1443"]
[BlackElo "1229"]
[PlyCount "93"]
[EventDate "2022.12.26"]
[EventType "swiss"]
[EventRounds "11"]
[EventCountry "IND"]
[SourceTitle "CBM 212 Extra"]
[Source "ChessBase"]
[SourceDate "2023.03.31"]
[SourceVersion "1"]
[SourceVersionDate "2023.03.31"]
[SourceQuality "1"]

1. d4 Nf6 2. c4 e6 3. Nc3 Bb4 4. Bg5 b6 5. a3 Bxc3+ 6. bxc3 Bb7 7. f3 d5 8. cxd5 exd5 9. e3 0-0 10. Bd3 Re8 11. Ne2 h6 12. Bf4 Nbd7 13. h4 Nh5 14. Kf2 c5 15. Rc1 Qe7 16. Qd2 Rac8 17. a4 Bc6 18. Ba6 Ra8 19. Bb5 Bxb5 20. axb5 Nf8 21. Be5 f6 22. Bh2 f5 23. Be5 Ng6 24. f4 Nxe5 25. fxe5 c4 26. Ra1 Rf8 27. g3 Kh8 28. Ng1 g5 29. Qd1 g4 30. Ne2 Qd7 31. Qb1 Rf7 32. Rf1 Ng7 33. Kg2 Nh5 34. Qb4 Qe6 35. Ra2 Rd7 36. Rfa1 Kh7 37. Ra6 Qg6 38. Qb1 Kh8 39. R1a2 Qf7 40. Rxb6 axb6 41. Rxa8+ Kh7 42. Rb8 Ra7 43. Rxb6 Ra3 44. e6 Qf6 45. e7 Qxe7 46. Qxf5+ Kh8 47. Rxh6+ 1-0

[Event "IND-ch (Women) 48th"]
[Site "Hatkanangale"]
[Date "2022.12.26"]
[Round "1"]
[White "Deodhar, Vrushali Umesh"]
[Black "Swaha, VS."]
[Result "1-0"]
[WhiteElo "2108"]
[BlackElo "1443"]
[PlyCount "101"]
[EventDate "2022.12.26"]
[EventType "swiss"]
[EventRounds "11"]
[EventCountry "IND"]
[SourceTitle "CBM 212 Extra"]
[Source "ChessBase"]
[SourceDate "2023.03.31"]
[SourceVersion "1"]
[SourceVersionDate "2023.03.31"]
[SourceQuality "1"]

1. c4 e6 2. Nc3 d5 3. d4 Nf6 4. Bg5 Be7 5. e3 c6 6. cxd5 exd5 7. Bd3 h6 8. Bf4 Be6 9. h3 Bd6 10. Nge2 a5 11. 0-0 Na6 12. a3 Nc7 13. Qc2 Nh5 14. Bxd6 Qxd6 15. Na4 0-0 16. Nc5 Bc8 17. Bf5 Rb8 18. Bxc8 Rfxc8 19. Qf5 g6 20. Qg4 Ne6 21. Nd3 Ng5 22. Ne5 f5 23. Qh4 Kg7 24. f3 Nf7 25. g4 Nf6 26. Qg3 Qe6 27. Nf4 Qe8 28. Nfxg6 Nxe5 29. Nxe5 Kh7 30. gxf5 Rc7 31. Qg6+ Qxg6+ 32. fxg6+ Kg7 33. h4 Re7 34. Kf2 Rbe8 35. Rg1 Rxe5 36. dxe5 Rxe5 37. b4 a4 38. Rac1 Nd7 39. Rg4 Re6 40. h5 Re5 41. Rh4 Rf5 42. Rf4 Rxf4 43. exf4 Nf6 44. Rh1 Ne8 45. Re1 Kf8 46. Re6 Ng7 47. Rf6+ Kg8 48. f5 Nxh5 49. Rd6 Nf4 50. Rd7 b5 51. Ke3 1-0

[Event "IND-ch Challengers (Women) 43rd"]
[Site "Chennai"]
[Date "2016.06.24"]
[Round "10"]
[White "Swaha, VS."]
[Black "Jayashree P, Sankpal"]
[Result "0-1"]
[WhiteElo "1431"]
[BlackElo "1619"]
[PlyCount "90"]
[EventDate "2016.06.17"]
[EventType "swiss"]
[EventRounds "11"]
[EventCountry "IND"]
[SourceTitle "CBM 173 Extra"]
[Source "ChessBase"]
[SourceDate "2016.08.29"]
[SourceVersion "1"]
[SourceVersionDate "2016.08.29"]
[SourceQuality "1"]

1. d4 d5 2. c4 c6 3. Nc3 Nf6 4. Nf3 g6 5. Bg5 Bg7 6. e3 Ne4 7. Nxe4 dxe4 8. Nd2 f5 9. Qc2 Nd7 10. Be2 Nf6 11. f3 0-0 12. fxe4 fxe4 13. Nxe4 Nxe4 14. Qxe4 Qa5+ 15. b4 Qxg5 16. g4 e5 17. d5 Qh4+ 18. Kd2 Bf5 19. Qg2 Bd7 20. Raf1 Qe7 21. a3 e4 22. Qg3 Be5 23. Qg2 Bb2 24. Bd1 Bxa3 25. Bb3 Bxb4+ 26. Ke2 cxd5 27. cxd5 Bb5+ 28. Kd1 Bd6 29. Rf2 Qe5 30. Rc2 Rac8 31. Qd2 Qa1+ 32. Rc1 Rxc1+ 33. Qxc1 Qxc1+ 34. Kxc1 Rf2 35. h4 Kf8 36. g5 Rf1+ 37. Rxf1+ Bxf1 38. Kc2 Ke7 39. Kc3 Be5+ 40. Kb4 Kd6 41. Bc2 Bd3 42. Bd1 Bg3 43. h5 Bh4 44. hxg6 hxg6 45. Kc3 Bxg5 0-1

[Event "IND-ch Challengers (Women) 43rd"]
[Site "Chennai"]
[Date "2016.06.21"]
[Round "7"]
[White "Potluri, Saye Srreezza"]
[Black "Swaha, VS."]
[Result "1-0"]
[WhiteElo "1708"]
[BlackElo "1431"]
[PlyCount "109"]
[EventDate "2016.06.17"]
[EventType "swiss"]
[EventRounds "11"]
[EventCountry "IND"]
[SourceTitle "CBM 173 Extra"]
[Source "ChessBase"]
[SourceDate "2016.08.29"]
[SourceVersion "1"]
[SourceVersionDate "2016.08.29"]
[SourceQuality "1"]

1. d4 d5 2. c4 e6 3. Nc3 c6 4. e3 Nf6 5. Nf3 Nbd7 6. Bd3 g6 7. 0-0 Bg7 8. e4 dxe4 9. Nxe4 Nxe4 10. Bxe4 Nf6 11. Bc2 0-0 12. Bg5 Qc7 13. Qd2 Rd8 14. Rad1 b6 15. Ne5 Bb7 16. Qf4 Nh5 17. Bxd8 Rxd8 18. Qe3 c5 19. Rfe1 cxd4 20. Rxd4 Rxd4 21. Qxd4 f6 22. Qd7 Qxd7 23. Nxd7 Kf7 24. c5 bxc5 25. Nxc5 Bc8 26. Bb3 Nf4 27. g3 Nd5 28. Rd1 Nb6 29. a4 Bf8 30. Rc1 a5 31. Ne4 Bd7 32. Rc7 Ke7 33. Rb7 f5 34. Rxb6 fxe4 35. Ra6 Bg7 36. Rxa5 Bxb2 37. Bc2 Bc3 38. Rc5 Bd4 39. Rc4 e5 40. Bxe4 Kd6 41. a5 Bb5 42. Rc8 Kd7 43. Rh8 h5 44. Bxg6 Kc7 45. Rxh5 Bc6 46. a6 Kb6 47. Bd3 Bd5 48. Rh7 e4 49. Bxe4 Bxe4 50. Rh4 Kxa6 51. Rxe4 Bc5 52. h4 Kb5 53. Re5 Kc6 54. Rxc5+ Kxc5 55. h5 1-0

[Event "IND-ch Challengers (Women) 43rd"]
[Site "Chennai"]
[Date "2016.06.17"]
[Round "1"]
[White "Singh, Neha"]
[Black "Swaha, VS."]
[Result "1-0"]
[WhiteElo "1968"]
[BlackElo "1431"]
[PlyCount "101"]
[EventDate "2016.06.17"]
[EventType "swiss"]
[EventRounds "11"]
[EventCountry "IND"]
[SourceTitle "CBM 173 Extra"]
[Source "ChessBase"]
[SourceDate "2016.08.29"]
[SourceVersion "1"]
[SourceVersionDate "2016.08.29"]
[SourceQuality "1"]

1. e4 c6 2. d4 d5 3. e5 Bf5 4. Nf3 e6 5. Be2 h6 6. Nbd2 Nd7 7. 0-0 Ne7 8. Nb3 Ng6 9. a4 Be7 10. Be3 0-0 11. Nfd2 Nh8 12. Bd3 Bxd3 13. cxd3 f5 14. f4 g6 15. g4 Qe8 16. Kh1 Qf7 17. Rg1 Kh7 18. Nf1 Rg8 19. Rc1 Rac8 20. Rc2 fxg4 21. Rxg4 h5 22. Rg1 Qf8 23. Qf3 Nf7 24. f5 exf5 25. e6 Nf6 26. exf7 Qxf7 27. Qf4 Ng4 28. h3 g5 29. Qf3 Nh6 30. Bc1 f4 31. Nh2 Bd6 32. Rcg2 Be7 33. Nc5 Nf5 34. Nb3 Nh4 35. Qf2 Qf5 36. Qe2 f3 37. Qxe7+ Rg7 38. Qxg7+ Kxg7 39. Rxg5+ Qxg5 40. Rxg5+ Kf6 41. Rxh5 Nf5 42. Ng4+ Ke6 43. Nc5+ Kd6 44. Rxf5 Re8 45. Bf4+ Ke7 46. Re5+ Kf7 47. Nh6+ Kf8 48. Nd7+ Kg7 49. Rxe8 b5 50. Rg8+ Kh7 51. Nf6# 1-0